Statistiques concernant Effectif Dragons de Rouen 2022/2023

Cliquez ici pour prendre le quiz!

Statistiques générales

  • Ce quiz a été pris 16 fois
  • Le résultat moyen est 6 sur 22

Statistiques - réponses

PosteJoueur% Correct
GMATIJA PINTARIC
80%
ACHRISTOPHE BOIVIN
40%
DDYLAN YEO
40%
AJORIS BEDIN
40%
AKAYLIAN LEBORGNE
40%
ALOIC LAMPÉRIER
40%
GTONIN CAUBET
40%
AVINCENT NESA
40%
DALEKSI ELORINNE
20%
AALEXANDRE MALLET
20%
ABASTIEN MAÏA
20%
DENZO CANTAGALLO
20%
DFLORIAN CHAKIACHVILI
20%
AFRANÇOIS BEAUCHEMIN
20%
AKELSEY TESSIER
20%
ANICLAS LUCENIUS
20%
AQUENTIN TOMASINO
20%
AROLANDS VIGNERS
20%
DSACHA GUIMOND
20%
AVALENTIN CLAIREAUX
20%
DCHARLIE DODERO
0%
AONDREJ ROMAN
0%

Distribution des résultats

Percentile par nombre de réponses

% des personnes avec chaque résultat

Votre développement - résultats

Vous n’avez pas pris ce quiz